| 000 | 00856nas a2200277 4500 | ||
|---|---|---|---|
| 001 | BR2012000358 | ||
| 003 | BR-BrBNA | ||
| 005 | 20231205120001.0 | ||
| 007 | ta | ||
| 008 | 230509b bl.|||p| |||| 00| 00por d | ||
| 040 |
_aBR-BrBNA _bpor _cBiblioteca Nacional de Agricultura |
||
| 041 | _a(En) | ||
| 072 | _aN20; F01 | ||
| 100 | 1 | _aSilveira, J.C. | |
| 100 | 1 | _aFernandes, H.C. | |
| 100 | 1 | _aModolo, A.J. | |
| 100 | 1 | _aSilva, S. de L. | |
| 100 | 1 | _aTrogello, E. | |
| 245 | 1 | _aFurrow depth, soil disturbance area and draft force of a seeder-fertilizer at different seeding seeds | |
| 650 | _aMILHO | ||
| 650 | _aPLANTIO DIRETO | ||
| 650 | _aMECANIZAÇÃO AGRÍCOLA | ||
| 773 | 0 |
_tRevista Ceres (Brazil) _xISSN 0034-737X _g(May-Jun 2011), v. 58(3) p. 293-298 _wBR2012000358 |
|
| 909 |
_a202311 _bLúcia _c55 _dLúcia Elande |
||
| 942 |
_2AGRIS _n0 _cANA |
||
| 999 |
_c216585 _d216585 |
||